000
00231nam a2200121Ia 4500
100
_a
#N/A
650
_a
Computer/ IT
942
_c
BK
654
_a
SOFTWARE
245
_a
Software for windows
260
_b
#N/A
546
_a
ENGLISH
999
_c
20240
_d
20240